000 00330nam a2200133Ia 4500
005 20251222155210.0
008 251222s9999||||xx |||||||||||||| ||spa||
082 _aMEQ.282
100 _aPATRICIA M.DILÓN
245 0 _aValoración clínica en enfermería
250 _a2da. ed.
264 _bMc Graw Hill-Interam.
942 _cLIB
999 _c40271
_d40271